Представление документа в формате RUSMARC

ПолеНазваниеЗначение
  Тип записи a
  Библиографический уровень a
001 Контрольный номер RU/CBS_UL/BASE/e74c8abbf78f4a05bd92a1cdd9b78776
005 Дата корректировки 20250122214510.3
100 Данные общей обработки __
a Данные общей обработки 20231228 ||| 0rusy0189 ca
101 Язык документа 0_
a Язык текста rus
102 Страна публикации __
a Страна публикации RU
200 Заглавие и сведения об ответственности 1_
a Заглавие Бутман в мажоре
e Сведения, относящиеся к заглавию [главный джазист России - о музыкальных мостах между странами]
f Первые сведения об ответственности Е. Ракуль
300 Общие примечания __
a Общие примечания 16+
461 Уровень набора _0
1 2000
a Российская газета
463 Уровень физической единицы _0
1 2000
a № 295 (27 дек.)
v С. 27
1 2101
d 2023
1 001RU/CBS_UL/BASE/8609515d63f4469987e01d82f3f697e4
600 Персоналии _1
a Персоналии (Фамилия) Бутман
b Персоналии (Имя, инициалы) И.М.
606 Тематические рубрики 0_
a Основная рубрика Бутман, Игорь Михайлович (1961)
610 Ключевые слова 0_
a Ключевые слова российские музыканты
610 Ключевые слова 0_
a Ключевые слова музыканты
610 Ключевые слова 0_
a Ключевые слова саксофонисты
686 Индексы других классификаций __
a Классификационный индекс 85.315.3
700 Автор _1
a Фамилия Ракуль
b Имя (инициалы) Е.
801 Источник записи _0
a Страна RU
b Организация МБУК ЦБС г. Ульяновска
c Дата составления 20231228
g Правила каталогизации RCR
801 Источник записи _1
a Страна RU
b Организация МБУК ЦБС г. Ульяновска
c Дата составления 20231228
g Правила каталогизации RCR
901 Тип документа __
t Тип документа f
w Контрольный № источника RU/CBS_UL/BASE/8609515d63f4469987e01d82f3f697e4